000 00248 a2200085 4500
020 _a9789383419821
100 _aSuguru Mori
245 _aCommunity Relocation, Disasters and Climate Change in Asia-Pacific Region
260 _bCOPAL Publishing Group
_c2024
999 _c13367
_d13367